Stolice z najmniejszą liczbą opadów atmosferycznych - Statystyki

Ogólne statystyki
  • Ten quiz został rozwiązany 2 827 razy
  • Średni wynik to 9 z 21
Statystyki odpowiedzi
cm/rok Stolica % Poprawnych
2.47 Kair
87%
10.2 Rijad
68%
5.71 Abu Zabi
65%
23.3 Teheran
62%
12.3 Bagdad
58%
11.6 Kuwejt
56%
7.52 Doha
55%
13.1 Damaszek
54%
12.1 Chartum
47%
26.5 Sana
47%
26.7 Ułan Bator
45%
24.5 Amman
44%
10.0 Maskat
42%
7.08 Manama
37%
28.2 Santiago
33%
0.64 Lima
29%
21.0 Baku
25%
16.4 Dżibuti
25%
20.1 Aszchabad
22%
9.40 Nawakszut
22%
21.0 Praia
8%
Nie znaleziono quizów pasujących do podanych kryteriów
Rozkład punktacji
Procent ludzi z każdym wynikiem
Percentyl według liczby udzielonych odpowiedzi
Twoja historia wyników
Nie rozwiązałeś tego quizu